03651nam a22002534i 4500001001500000008004100015017005500056020001800111040003900129041002100168043001200189100003500201240003500236245012200271264004100393300004200434520147000476520126301946650002103209700004303230942000803273952010103281999001503382Rebiun36581529241106s2024 sp a 000 0 spa c aDL M 18786-2024, bOficina Depósito Legal Madrid a9788412878745 aES-BaCBA bEnglisherda cES-BaCBA1 aSpanishhEnglish ae-uk-en aLaing, Olivia, eauthor92579910aGarden against time. lSpanish13aEl Jardín contra el tiempo b: en busca de un paraíso común c/ Olivia Laing ; traducción de Lucía Barahona 1aMadrid : bCapitán Swing, c[2024] a271 pages : billustrations ; c22 cm aInspirándose en la restauración de su propio jardín, Olivia Laing se embarca en una estimulante investigación del paraíso. En 2020, comenzó a restaurar un jardín amurallado del siglo XVIII en Suffolk, un edén cubierto de plantas insólitas. Este ensayo saca a la luz una cuestión crucial para nuestra época: ¿quién puede vivir en el paraíso y cómo podemos compartirlo mientras aún estemos a tiempo? Moviéndose entre jardines reales e imaginarios, desde El paraíso perdido de Milton hasta las elegías sobre los cercamientos de John Clare, desde un santuario en tiempos de guerra en Italia hasta un grotesco campo de recreo aristocrático financiado por la esclavitud, Laing cuestiona el coste, en ocasiones escandaloso, de construir el paraíso en la tierra. Pero la historia del jardín no siempre representa modelos de privilegio y exclusión. También es escenario de avanzadillas rebeldes y sueños comunitarios. Desde la utopía queer conjurada por Derek Jarman en la playa de Dungeness hasta la fértil visión de un Edén común soñada por William Morris, entre los parterres de flores se han intentado nuevos modos de vida, experimentos que podrían resultar vitales en la próxima era del cambio climático. El resultado es un relato bello y exigente de los abundantes placeres y posibilidades de los jardines: no como un lugar donde esconderse del mundo, sino como un sitio de encuentro y descubrimiento. aDrawing on the restoration of her own garden, Olivia Laing embarks on a stimulating exploration of paradise. In 2020, she began restoring an eighteenth-century walled garden in Suffolk, an Eden overrun with unusual plants. This essay brings to light a crucial question for our time: who is allowed to live in paradise, and how might we share it while there is still time? Moving between real and imagined gardens — from Milton’s Paradise Lost to John Clare’s elegies on enclosure, from a wartime sanctuary in Italy to a grotesque aristocratic playground financed by slavery — Laing probes the sometimes outrageous cost of constructing paradise on earth. Yet the history of the garden is not always a story of privilege and exclusion. It has also been a stage for rebellious outposts and communal dreams. From the queer utopia conjured by Derek Jarman on the shingle of Dungeness to William Morris’s fertile vision of a common Eden, new ways of life have been tested among flowerbeds, experiments that may prove vital in the coming age of climate change. The result is a beautiful and exacting account of the abundant pleasures and possibilities of gardens: not as a place in which to hide from the world, but as a site of encounter and discovery. 0aGardenszSuffolk aBarahona, Lucía, etranslator925801 2lcc 00102lcc4070aTBSbTBSd2025-08-27l0oP-SP LAIr2025-08-27t1w2025-08-27y1zSOON AVAILABLE c4883d4883